| 000 | 00624nam a2200241 a 4500 | ||
|---|---|---|---|
| 001 | 0001-1350 | ||
| 003 | ELIB.Books | ||
| 008 | 151021 2010 eng | ||
| 020 | _a0131718290 | ||
| 035 | _a(ELIB.Books)0001-1505 | ||
| 092 |
_a253.5 Mil _bMil |
||
| 100 | _aMiller, William R. | ||
| 245 | _aPractical Psychology For Pastors | ||
| 260 |
_aNew Jersey _bPrentice Hall, Inc. _c1995 |
||
| 300 |
_a483 _c23 Cm |
||
| 500 | _aC/o par Si Thu | ||
| 650 | _aPastoral Theology | ||
| 856 |
_nKBTS: Library _uKBTS: Elib |
||
| 942 |
_2ddc _cBK |
||
| 990 | _a1 | ||
| 998 |
_cbat _e2015-10-21 |
||
| 999 |
_c11350 _d11350 |
||